[Event "Quebec Interclubs 1/2 final"]
[Site "Montreal CAN"]
[Date "2009.05.09"]
[Round "3"]
[White "Cvetkovic, Tomica"]
[Black "Gerard, Patrice"]
[Result "1/2-1/2"]
[WhiteElo "1126"]
[BlackElo "1819"]
[PlyCount "108"]
[GameId "2160767910156888"]
[EventDate "2009.05.08"]
[EventType "team"]
[EventRounds "5"]
[EventCountry "CAN"]
[SourceTitle "hb 2009.08"]

1. e4 c5 2. Bc4 Nc6 3. Nf3 e6 4. a3 Be7 5. d4 cxd4 6. Nxd4 Nf6 7. Nxc6 bxc6 8. Nc3 Qc7 9. O-O O-O 10. Re1 d5 11. Bd3 a5 12. e5 Nd7 13. f4 Nc5 14. Kh1 Nxd3 15. cxd3 f5 16. d4 Ba6 17. Be3 Rfb8 18. Qd2 Rb3 19. Rab1 Rab8 20. Rec1 Bc4 21. h3 c5 22. Na4 cxd4 23. Bxd4 Bxa3 24. Ra1 Bb4 25. Qf2 Be7 26. Rc3 Qc6 27. Rxb3 Bxb3 28. Nc5 Bxc5 29. Bxc5 Rb5 30. Rc1 Bc4 31. Ba3 Qd7 32. Rd1 Qc7 33. Rd2 Qb6 34. Kg1 Qxf2+ 35. Kxf2 Rb3 36. Rc2 Rd3 37. Rc3 Rd2+ 38. Kg1 a4 39. h4 Kf7 40. h5 Rd4 41. g3 h6 42. Rc2 g5 43. Rf2 Bb3 44. Kh2 Rd1 45. Bb4 g4 46. Rd2 Rc1 47. Kg2 Rc4 48. Ba3 Bc2 49. Kf2 Be4 50. Ke3 Bc2 51. Rd4 Rc8 52. Rd2 Bb3 53. Kf2 Rc1 54. Kg2 Rc2 1/2-1/2

[Event "Quebec Interclubs 1/2 final"]
[Site "Montreal CAN"]
[Date "2009.05.09"]
[Round "3"]
[White "Libersan, Thierry"]
[Black "Amesse, Louis-Philippe"]
[Result "1-0"]
[WhiteElo "2129"]
[BlackElo "1659"]
[PlyCount "41"]
[GameId "2160767910156889"]
[EventDate "2009.05.08"]
[EventType "team"]
[EventRounds "5"]
[EventCountry "CAN"]
[SourceTitle "hb 2009.08"]

1. e4 d6 2. d4 Nf6 3. Nc3 g6 4. f4 Bg7 5. Nf3 O-O 6. Bd3 e6 7. Be3 Nc6 8. Qd2 Ng4 9. Bg1 e5 10. Ne2 Nxd4 11. Nexd4 exd4 12. Bxd4 Bxd4 13. Nxd4 Qf6 14. c3 Qg7 15. O-O-O Be6 16. Kb1 Nh6 17. f5 gxf5 18. exf5 Bd5 19. Rhf1 f6 20. c4 Bf7 21. Rf3 1-0

[Event "Quebec Interclubs 1/2 final"]
[Site "Montreal CAN"]
[Date "2009.05.09"]
[Round "3"]
[White "Paquette, Esther-Jeanne"]
[Black "Girard, Sylvain"]
[Result "0-1"]
[WhiteElo "984"]
[BlackElo "1487"]
[PlyCount "78"]
[GameId "2160767910156890"]
[EventDate "2009.05.08"]
[EventType "team"]
[EventRounds "5"]
[EventCountry "CAN"]
[SourceTitle "hb 2009.08"]

1. d4 Nf6 2. c4 c5 3. d5 b5 4. Nc3 b4 5. Na4 d6 6. Nf3 g6 7. a3 Bg7 8. axb4 cxb4 9. Bd2 a5 10. Qc1 Ne4 11. Bh6 Bf6 12. Ng5 Nc5 13. Nxc5 dxc5 14. Ne4 Nd7 15. Nxf6+ Nxf6 16. b3 Ne4 17. f3 Nd6 18. e4 Bd7 19. Bg7 Rg8 20. Qh6 Bc8 21. Qxh7 Kd7 22. Bb2 Qf8 23. Qh3+ Kc7 24. Qg3 Qe8 25. Bd3 Bd7 26. O-O a4 27. e5 Nf5 28. Bxf5 gxf5 29. e6+ Rxg3 30. Be5+ Kb7 31. Bxg3 fxe6 32. dxe6 Bxe6 33. Rfd1 axb3 34. Rac1 Ra2 35. Be5 Qg6 36. g3 Qh5 37. g4 Qh3 38. Rd7+ Bxd7 39. Ra1 Qg2# 0-1

[Event "Quebec Interclubs 1/2 final"]
[Site "Montreal CAN"]
[Date "2009.05.09"]
[Round "3"]
[White "Poulin, Marc"]
[Black "Giroux, Robert"]
[Result "0-1"]
[WhiteElo "1029"]
[BlackElo "1931"]
[PlyCount "60"]
[GameId "2160767910156891"]
[EventDate "2009.05.08"]
[EventType "team"]
[EventRounds "5"]
[EventCountry "CAN"]
[SourceTitle "hb 2009.08"]

1. d4 Nf6 2. Bg5 Ne4 3. Bf4 c5 4. f3 Qa5+ 5. Nd2 Nf6 6. c3 cxd4 7. cxd4 Nd5 8. Bxb8 Rxb8 9. e4 Ne3 10. Qb3 Nxf1 11. Kxf1 Qxd2 12. Rd1 Qa5 13. Ne2 b6 14. d5 Ba6 15. Kf2 Bxe2 16. Kxe2 g6 17. Rd4 Qa6+ 18. Ke3 Bg7 19. Ra4 Qb7 20. Rc1 O-O 21. Rac4 Bh6+ 22. f4 e5 23. g3 exf4+ 24. gxf4 b5 25. Rc7 Qb6+ 26. Kf3 Qf6 27. Qe3 Qxb2 28. Rxa7 Qxh2 29. Qf2 Qxf4+ 30. Ke2 Qxf2+ 0-1

[Event "Quebec Interclubs 1/2 final"]
[Site "Montreal CAN"]
[Date "2009.05.09"]
[Round "3"]
[White "Poulin, Mathieu"]
[Black "Sarrazin-Gendron, Roman"]
[Result "1-0"]
[WhiteElo "1786"]
[BlackElo "1711"]
[PlyCount "27"]
[GameId "2160767910156892"]
[EventDate "2009.05.08"]
[EventType "team"]
[EventRounds "5"]
[EventCountry "CAN"]
[SourceTitle "hb 2009.08"]

1. d4 Nf6 2. c4 c5 3. Nf3 g6 4. e3 Bg7 5. Nc3 O-O 6. Be2 cxd4 7. Nxd4 d5 8. O-O b6 9. Nxd5 Bb7 10. Bf3 Nbd7 11. e4 Ne5 12. Bf4 Nxc4 13. b3 Nd6 14. e5 1-0

[Event "Quebec Interclubs 1/2 final"]
[Site "Montreal CAN"]
[Date "2009.05.10"]
[Round "4"]
[White "Amesse, Louis-Philippe"]
[Black "Cvetkovic, Tomica"]
[Result "1-0"]
[WhiteElo "1659"]
[BlackElo "1126"]
[PlyCount "59"]
[GameId "2160767910156893"]
[EventDate "2009.05.08"]
[EventType "team"]
[EventRounds "5"]
[EventCountry "CAN"]
[SourceTitle "hb 2009.08"]

1. Nf3 d6 2. g3 e5 3. d3 Nc6 4. Bg2 b6 5. O-O Bb7 6. e4 Qd7 7. Be3 h6 8. Nbd2 Nf6 9. h3 g5 10. Nh2 O-O-O 11. f4 gxf4 12. gxf4 Nh7 13. Qh5 Qe6 14. Ng4 Nf6 15. Nxf6 Qxf6 16. fxe5 Qg6 17. Qxg6 fxg6 18. e6 g5 19. d4 Be7 20. Rf7 Rdf8 21. Raf1 Kd8 22. c3 Bc8 23. e5 Nb8 24. exd6 cxd6 25. d5 Na6 26. Bd4 Rhg8 27. Be4 g4 28. Bh7 Rxf7 29. exf7 Rg5 30. Bf6 1-0

[Event "Quebec Interclubs 1/2 final"]
[Site "Montreal CAN"]
[Date "2009.05.10"]
[Round "4"]
[White "Cvetkovic, Simeon"]
[Black "Cote, Etienne"]
[Result "1-0"]
[WhiteElo "1626"]
[BlackElo "1658"]
[PlyCount "49"]
[GameId "2160767910156894"]
[EventDate "2009.05.08"]
[EventType "team"]
[EventRounds "5"]
[EventCountry "CAN"]
[SourceTitle "hb 2009.08"]

1. e4 e5 2. Nf3 Nc6 3. Bb5 a6 4. Ba4 Nf6 5. O-O Be7 6. Re1 b5 7. Bb3 d6 8. c3 O-O 9. h3 Na5 10. Bc2 c5 11. d4 Qc7 12. Nbd2 Nc6 13. d5 Nd8 14. a4 Rb8 15. Nf1 Ne8 16. Ng3 g6 17. Nh2 Bf6 18. Ng4 Bg7 19. Bd2 f5 20. Nh6+ Bxh6 21. Bxh6 Ng7 22. exf5 Qf7 23. fxg6 Qxf2+ 24. Kh2 Qf6 25. Rf1 1-0

[Event "Quebec Interclubs 1/2 final"]
[Site "Montreal CAN"]
[Date "2009.05.10"]
[Round "4"]
[White "Libersan, Thierry"]
[Black "Morissette, Jean-Sebastien"]
[Result "1-0"]
[WhiteElo "2129"]
[BlackElo "1490"]
[PlyCount "119"]
[GameId "2160767910156895"]
[EventDate "2009.05.08"]
[EventType "team"]
[EventRounds "5"]
[EventCountry "CAN"]
[SourceTitle "hb 2009.08"]

1. e4 c6 2. d4 d5 3. e5 Bf5 4. Nd2 e6 5. Nb3 Nd7 6. Be3 Qc7 7. Nf3 h6 8. Be2 c5 9. dxc5 Nxe5 10. Nxe5 Qxe5 11. Bb5+ Kd8 12. O-O Nf6 13. Nd4 Ng4 14. Nf3 Qc7 15. b4 Be4 16. g3 Be7 17. Nd2 Bf5 18. Bd4 Bf6 19. Nb3 h5 20. c4 Nxh2 21. cxd5 Nxf1 22. dxe6 Ke7 23. Qxf1 fxe6 24. Re1 h4 25. g4 Bxg4 26. Qg2 Bf5 27. Qf3 Kf7 28. Bc4 Kg6 29. Bxf6 gxf6 30. Nd4 Rh5 31. Bxe6 Rg5+ 32. Kf1 Bxe6 33. Nxe6 Qf7 34. Nxg5 fxg5 35. Qd3+ Kh5 36. Qd1+ Kh6 37. Qd6+ Kh5 38. Re6 Rf8 39. Rh6+ Kg4 40. Qd4+ Qf4 41. Qd1+ Qf3 42. Qxf3+ Kxf3 43. Rh7 Rf4 44. Rxb7 h3 45. Rh7 g4 46. a3 Rc4 47. Rf7+ Ke4 48. Re7+ Kd3 49. Re3+ Kd4 50. Kg1 Rc1+ 51. Kh2 Rf1 52. Re2 Kd3 53. Ra2 Ke4 54. Rb2 Kf3 55. c6 Rc1 56. b5 Rc3 57. a4 Rc4 58. a5 a6 59. b6 Rxc6 60. b7 1-0

[Event "Quebec Interclubs 1/2 final"]
[Site "Montreal CAN"]
[Date "2009.05.10"]
[Round "4"]
[White "Paquette, Esther-Jeanne"]
[Black "Poulin, Mathieu"]
[Result "0-1"]
[WhiteElo "984"]
[BlackElo "1786"]
[PlyCount "88"]
[GameId "2160767910156896"]
[EventDate "2009.05.08"]
[EventType "team"]
[EventRounds "5"]
[EventCountry "CAN"]
[SourceTitle "hb 2009.08"]

1. d4 d5 2. c4 e6 3. Nc3 Nf6 4. Bg5 Be7 5. e3 O-O 6. Qf3 Nbd7 7. cxd5 exd5 8. Nxd5 Nxd5 9. Qxd5 Bxg5 10. Nf3 Bf6 11. Rb1 c6 12. Qc4 Nb6 13. Qd3 g6 14. Be2 Re8 15. O-O Bf5 16. Qb3 Bxb1 17. Rxb1 Rc8 18. a4 Qe7 19. Re1 Red8 20. g3 Bg7 21. Nd2 Qe6 22. Nc4 Nxc4 23. Bxc4 Qe7 24. Qd3 Bxd4 25. Qe2 Bg7 26. b3 Qb4 27. Kg2 Rd6 28. Bd3 Rcd8 29. Rd1 Qxb3 30. Rb1 Qxd3 31. Qxd3 Rxd3 32. Rxb7 R3d7 33. Rb4 Rc8 34. Kf3 f5 35. Rc4 c5 36. Ke2 Kf7 37. Kf3 Ke6 38. Rc2 c4 39. Ke2 c3 40. Ke1 Kd5 41. Kd1 Kc4+ 42. Kc1 Kb3 43. Kb1 Rd1+ 44. Rc1 c2# 0-1

[Event "Quebec Interclubs 1/2 final"]
[Site "Montreal CAN"]
[Date "2009.05.10"]
[Round "4"]
[White "Sarrazin-Gendron, Roman"]
[Black "Poulin, Marc"]
[Result "1-0"]
[WhiteElo "1711"]
[BlackElo "1029"]
[PlyCount "53"]
[GameId "2160767910156897"]
[EventDate "2009.05.08"]
[EventType "team"]
[EventRounds "5"]
[EventCountry "CAN"]
[SourceTitle "hb 2009.08"]

1. Nf3 d5 2. c4 c6 3. b3 Nf6 4. g3 g6 5. Bg2 Bg7 6. Bb2 O-O 7. O-O Re8 8. d4 Bf5 9. Nbd2 Ne4 10. h3 Nxd2 11. Nxd2 e5 12. dxe5 Bxe5 13. Bxe5 Rxe5 14. g4 Be6 15. Nf3 Re4 16. Nd4 Re5 17. f4 Re3 18. Qd2 Rg3 19. Kh2 Qh4 20. Nf3 Rxg2+ 21. Kxg2 Qe7 22. Rac1 dxc4 23. bxc4 Nd7 24. Nd4 Rd8 25. Nxe6 fxe6 26. Rfd1 Nb6 27. Qxd8+ 1-0

[Event "Quebec Interclubs 1/2 final"]
[Site "Montreal CAN"]
[Date "2009.05.10"]
[Round "4"]
[White "Sprumont, Oscar"]
[Black "Giroux, Robert"]
[Result "0-1"]
[WhiteElo "1434"]
[BlackElo "1931"]
[PlyCount "136"]
[GameId "2160767910156898"]
[EventDate "2009.05.08"]
[EventType "team"]
[EventRounds "5"]
[EventCountry "CAN"]
[SourceTitle "hb 2009.08"]

1. e4 c5 2. Nc3 g6 3. Bc4 Bg7 4. d3 Nc6 5. Be3 Nd4 6. Rb1 e6 7. Nce2 d5 8. Bxd4 cxd4 9. exd5 exd5 10. Bb5+ Bd7 11. Bxd7+ Qxd7 12. Qd2 Ne7 13. Nf3 O-O 14. O-O Nc6 15. Qf4 Rac8 16. Nexd4 Nxd4 17. Nxd4 Qa4 18. Ne6 Qxf4 19. Nxf4 Rxc2 20. Nxd5 Bxb2 21. Ne3 Re2 22. Nc4 Bd4 23. Rxb7 Rxa2 24. Rd7 Bf6 25. Rd5 Re8 26. Ra5 Ree2 27. Rxa2 Rxa2 28. Rd1 Kf8 29. h3 Bd4 30. Rd2 Rxd2 31. Nxd2 a5 32. Nb3 Bc3 33. Nc1 a4 34. Na2 Ba5 35. Kf1 Ke7 36. Ke2 Kd6 37. d4 Kd5 38. Kd3 f6 39. g4 Be1 40. f4 f5 41. Ke2 Ba5 42. Kd3 fxg4 43. hxg4 h5 44. f5 hxg4 45. fxg6 Ke6 46. Ke3 Bc7 47. Nc3 a3 48. Kd3 g3 49. Kc2 g2 50. Ne2 Kf6 51. Kb3 Bd6 52. Ng1 Kxg6 53. Nf3 Kh5 54. Ng1 Kg4 55. Ne2 Kf3 56. Ng1+ Kf2 57. Nh3+ Kf1 58. Ka2 g1=Q 59. Nxg1 Kxg1 60. Kb3 Kf2 61. Kc2 Ke2 62. Kb1 Kd3 63. Ka2 Kxd4 64. Kb3 Kd3 65. Ka2 Kc2 66. Ka1 Kb3 67. Kb1 a2+ 68. Ka1 Be5# 0-1

[Event "Quebec Interclubs 1/2 final"]
[Site "Montreal CAN"]
[Date "2009.05.10"]
[Round "4"]
[White "Trottier, Emile"]
[Black "Girard, Sylvain"]
[Result "1-0"]
[WhiteElo "1690"]
[BlackElo "1487"]
[PlyCount "41"]
[GameId "2160767910156899"]
[EventDate "2009.05.08"]
[EventType "team"]
[EventRounds "5"]
[EventCountry "CAN"]
[SourceTitle "hb 2009.08"]

1. e4 c5 2. c3 Nf6 3. e5 Nd5 4. d4 cxd4 5. cxd4 Nc6 6. Nf3 a6 7. Nc3 e6 8. Nxd5 exd5 9. Bd3 Bb4+ 10. Bd2 Qb6 11. Bxb4 Nxb4 12. Bb1 Nc6 13. Qd2 g5 14. O-O g4 15. Ng5 Nxd4 16. Nxh7 Kd8 17. Nf6 Ne6 18. Bf5 d4 19. Nd5 Qb5 20. Bxe6 fxe6 21. Qg5+ 1-0

[Event "Quebec Interclubs 1/2 final"]
[Site "Montreal CAN"]
[Date "2009.05.10"]
[Round "5"]
[White "Cvetkovic, Tomica"]
[Black "Paquette, Esther-Jeanne"]
[Result "1/2-1/2"]
[WhiteElo "1126"]
[BlackElo "984"]
[PlyCount "88"]
[GameId "2160767910156900"]
[EventDate "2009.05.08"]
[EventType "team"]
[EventRounds "5"]
[EventCountry "CAN"]
[SourceTitle "hb 2009.08"]

1. e4 c5 2. Nf3 Nc6 3. Bc4 e6 4. c3 d5 5. exd5 exd5 6. Bb5 a6 7. Bxc6+ bxc6 8. O-O Qb6 9. d3 Nf6 10. Qe2+ Be6 11. Ng5 d4 12. Nxe6 fxe6 13. Qxe6+ Kd8 14. c4 h6 15. Nd2 Qc7 16. Nf3 Qd7 17. Qxd7+ Nxd7 18. Bd2 Ke8 19. Rfe1+ Kf7 20. Rab1 Bd6 21. b3 Rhe8 22. Rxe8 Rxe8 23. Re1 Re6 24. Rxe6 Kxe6 25. g3 g5 26. h4 gxh4 27. gxh4 h5 28. Kf1 Kf5 29. Ke2 Kg4 30. Bg5 Ne5 31. Nd2 Nf7 32. Bf6 Kf5 33. Ne4 Kg4 34. Nxd6 Nxd6 35. Be7 Nb7 36. f3+ Kf4 37. Bg5+ Kf5 38. f4 Kg4 39. Kf2 Kf5 40. Kf3 Nd6 41. Be7 Nb7 42. a3 Na5 43. b4 cxb4 44. axb4 Nb3 1/2-1/2

[Event "Quebec Interclubs 1/2 final"]
[Site "Montreal CAN"]
[Date "2009.05.10"]
[Round "5"]
[White "Gerard, Patrice"]
[Black "Libersan, Thierry"]
[Result "0-1"]
[WhiteElo "1819"]
[BlackElo "2129"]
[PlyCount "78"]
[GameId "2160767910156901"]
[EventDate "2009.05.08"]
[EventType "team"]
[EventRounds "5"]
[EventCountry "CAN"]
[SourceTitle "hb 2009.08"]

1. e4 c5 2. Nc3 e6 3. f4 Nc6 4. Bb5 Nge7 5. Bxc6 Nxc6 6. Nf3 a6 7. O-O Qc7 8. d3 Be7 9. Qe1 O-O 10. Be3 d6 11. Qg3 Bf6 12. e5 dxe5 13. Ne4 Be7 14. fxe5 Kh8 15. Rae1 b6 16. Nfg5 Bxg5 17. Nxg5 h6 18. Nf3 Bb7 19. Bxh6 gxh6 20. Qh4 f6 21. exf6 Qh7 22. Rxe6 Rf7 23. Rfe1 Qg6 24. Qh3 Raf8 25. Nh4 Qh5 26. g4 Qg5 27. Nf3 Qg6 28. Nh4 Qg5 29. Nf3 Qg6 30. Nh4 Qh7 31. Nf5 Nd4 32. Nxd4 cxd4 33. Re7 Qg6 34. Rxf7 Rxf7 35. Qh4 Qxf6 36. Qg3 Kh7 37. h4 Qc6 38. Re4 Qxc2 39. g5 Bxe4 0-1

[Event "Quebec Interclubs 1/2 final"]
[Site "Montreal CAN"]
[Date "2009.05.10"]
[Round "5"]
[White "Girard, Sylvain"]
[Black "Deschenes, Laurent"]
[Result "1-0"]
[WhiteElo "1487"]
[BlackElo "1449"]
[PlyCount "102"]
[GameId "2160767910156902"]
[EventDate "2009.05.08"]
[EventType "team"]
[EventRounds "5"]
[EventCountry "CAN"]
[SourceTitle "hb 2009.08"]

1. e4 e5 2. Nf3 Nc6 3. Bb5 a6 4. Ba4 d6 5. c3 Bd7 6. d4 Nf6 7. Qd3 Ne7 8. Bb3 Be6 9. Bc2 Ng6 10. Ng5 h6 11. Nxe6 fxe6 12. O-O Qd7 13. Qg3 Qf7 14. f4 exf4 15. Bxf4 Nxf4 16. Rxf4 Qh5 17. e5 Qg5 18. exf6 gxf6 19. Qxg5 fxg5 20. Bg6+ Kd7 21. Rf7+ Be7 22. Nd2 Raf8 23. Raf1 Kd8 24. Rxf8+ Rxf8 25. Rxf8+ Bxf8 26. Kf2 Ke7 27. Ne4 Bg7 28. Kf3 e5 29. d5 c6 30. c4 Bf8 31. Kg4 cxd5 32. cxd5 Bg7 33. Bf5 b6 34. Bc8 a5 35. a4 Bf8 36. Kf5 Bg7 37. Kg6 Bf8 38. Bf5 Kd8 39. Nf6 Be7 40. Ng8 Bf8 41. Nxh6 Bxh6 42. Kxh6 Kc7 43. Kxg5 b5 44. axb5 Kb6 45. Bd3 Kc5 46. h4 e4 47. Bxe4 Kxb5 48. h5 a4 49. h6 Kb4 50. h7 a3 51. bxa3+ Kxa3 1-0

[Event "Quebec Interclubs 1/2 final"]
[Site "Montreal CAN"]
[Date "2009.05.10"]
[Round "5"]
[White "Giroux, Robert"]
[Black "Cvetkovic, Simeon"]
[Result "1/2-1/2"]
[WhiteElo "1931"]
[BlackElo "1626"]
[PlyCount "46"]
[GameId "2160767910156903"]
[EventDate "2009.05.08"]
[EventType "team"]
[EventRounds "5"]
[EventCountry "CAN"]
[SourceTitle "hb 2009.08"]

1. e4 c5 2. Nc3 Nc6 3. f4 g6 4. Nf3 Bg7 5. Bb5 Nd4 6. O-O Nxb5 7. Nxb5 a6 8. Nc3 d6 9. d3 e6 10. Qe1 Ne7 11. Bd2 O-O 12. Qg3 b5 13. Rae1 d5 14. f5 exf5 15. exd5 Nxd5 16. Bg5 f6 17. Ne5 Bb7 18. Bh4 f4 19. Qh3 Bc8 20. Qf3 Bb7 21. Qh3 Bc8 22. Qf3 Bb7 23. Qh3 Bc8 1/2-1/2

[Event "Quebec Interclubs 1/2 final"]
[Site "Montreal CAN"]
[Date "2009.05.10"]
[Round "5"]
[White "Poulin, Marc"]
[Black "Morissette, Jean-Sebastien"]
[Result "0-1"]
[WhiteElo "1029"]
[BlackElo "1490"]
[PlyCount "52"]
[GameId "2160767910156904"]
[EventDate "2009.05.08"]
[EventType "team"]
[EventRounds "5"]
[EventCountry "CAN"]
[SourceTitle "hb 2009.08"]

1. d4 Nf6 2. Bg5 e6 3. e4 Be7 4. e5 Nd5 5. Nf3 Bxg5 6. h4 Be7 7. c3 O-O 8. g3 Nc6 9. Bd3 d6 10. Bc2 dxe5 11. Qd3 g6 12. dxe5 Nb6 13. Qe4 Qd5 14. Nbd2 Qxe4+ 15. Nxe4 Nd7 16. O-O-O Ndxe5 17. Nh2 f5 18. Nd2 Rd8 19. f4 Nd3+ 20. Bxd3 Rxd3 21. Nhf3 b6 22. Rhe1 Kf7 23. Kc2 Ba6 24. Re2 Rxf3 25. Nxf3 Bxe2 26. Rd7 Bxf3 0-1

[Event "Quebec Interclubs 1/2 final"]
[Site "Montreal CAN"]
[Date "2009.05.10"]
[Round "5"]
[White "Sarrazin-Gendron, Roman"]
[Black "Trottier, Emile"]
[Result "0-1"]
[WhiteElo "1711"]
[BlackElo "1690"]
[PlyCount "114"]
[GameId "2160767910156905"]
[EventDate "2009.05.08"]
[EventType "team"]
[EventRounds "5"]
[EventCountry "CAN"]
[SourceTitle "hb 2009.08"]

1. Nf3 e6 2. g3 d5 3. c4 c6 4. b3 f5 5. Bb2 Nf6 6. Bg2 Bd6 7. O-O O-O 8. d4 Ne4 9. Ne5 Nd7 10. f3 Nef6 11. Nd2 Qc7 12. Nd3 f4 13. c5 fxg3 14. cxd6 gxh2+ 15. Kh1 Qxd6 16. Ne5 Nh5 17. Qe1 Qe7 18. Nxd7 Bxd7 19. e3 Rf6 20. Kxh2 Rg6 21. Bh3 Rf8 22. Rg1 Rh6 23. Kg2 e5 24. Bxd7 Qxd7 25. Kf2 e4 26. f4 Qh3 27. Ke2 Nxf4+ 28. exf4 Qd3+ 29. Kd1 Rh2 30. Rg3 Rxd2+ 31. Qxd2 Qxg3 32. Bc1 g5 33. Qe3 Qxe3 34. Bxe3 gxf4 35. Bf2 Kf7 36. Ke2 Rg8 37. Rh1 Rh8 38. Rh4 f3+ 39. Ke3 h5 40. Kf4 Kg6 41. Rh1 Rf8+ 42. Ke3 Rf5 43. Bh4 Rf7 44. Rg1+ Kh6 45. Bf2 Rg7 46. Rh1 Rg2 47. Rh4 Kg5 48. Rh1 Rg4 49. Kd2 h4 50. Ke3 Kh5 51. Be1 Kg5 52. Bf2 Rg3 53. Rxh4 Kxh4 54. Kf4 Kh3 55. Bxg3 Kg2 56. Bh4 f2 57. Bxf2 Kxf2 0-1

[Event "Quebec op"]
[Site "Montreal CAN"]
[Date "2009.07.18"]
[Round "1"]
[White "Georgiev, Vladimir"]
[Black "Barbeau, Sylvain"]
[Result "1-0"]
[WhiteElo "2530"]
[BlackElo "2357"]
[PlyCount "61"]
[GameId "2160767910155428"]
[EventDate "2009.07.18"]
[EventType "swiss"]
[EventRounds "9"]
[EventCountry "CAN"]
[SourceTitle "CBM 131 Extra"]
[Source "ChessBase"]
[SourceDate "2009.09.03"]
[SourceVersion "2"]
[SourceVersionDate "2009.09.16"]
[SourceQuality "1"]

1. d4 Nf6 2. c4 g6 3. Nc3 d5 4. Nf3 Bg7 5. Bg5 dxc4 6. e4 c5 7. dxc5 Qa5 8. Nd2 Qxc5 9. Be3 Qc7 10. Bxc4 Nc6 11. Nd5 Nxd5 12. exd5 Ne5 13. Bb5+ Bd7 14. Be2 Bf5 15. Rc1 Qd7 16. Qb3 O-O 17. h3 Rac8 18. O-O Rxc1 19. Rxc1 Rc8 20. Rxc8+ Qxc8 21. g4 Qc1+ 22. Kg2 Bc8 23. Nf3 Qc7 24. Bf4 b6 25. Qe3 f6 26. Bxe5 fxe5 27. Ng5 Bb7 28. Qb3 Qc5 29. Bf3 Kh8 30. d6 Bxf3+ 31. Qxf3 1-0

[Event "Quebec op"]
[Site "Montreal CAN"]
[Date "2009.07.18"]
[Round "1"]
[White "Gunnarsson, Jon Viktor"]
[Black "Gagunashvili, Merab"]
[Result "1/2-1/2"]
[WhiteElo "2462"]
[BlackElo "2574"]
[PlyCount "100"]
[GameId "2160767910155429"]
[EventDate "2009.07.18"]
[EventType "swiss"]
[EventRounds "9"]
[EventCountry "CAN"]
[SourceTitle "CBM 131 Extra"]
[Source "ChessBase"]
[SourceDate "2009.09.03"]
[SourceVersion "2"]
[SourceVersionDate "2009.09.16"]
[SourceQuality "1"]

1. e4 d6 2. d4 Nf6 3. Nc3 g6 4. f4 Bg7 5. Nf3 c5 6. Bb5+ Bd7 7. e5 Ng4 8. e6 Bxb5 9. exf7+ Kd7 10. Nxb5 Qa5+ 11. Nc3 cxd4 12. Nxd4 Bxd4 13. Qxd4 Nc6 14. Qe4 Raf8 15. Bd2 Rxf7 16. Qf3 Qh5 17. O-O-O Nf6 18. Qf2 Rhf8 19. h3 Qa5 20. Kb1 Nd5 21. Nxd5 Qxd5 22. Bc1 Qb5 23. Qe1 Rf6 24. g4 Re6 25. Qc3 Rff6 26. Rhe1 h5 27. a3 Rxe1 28. Rxe1 Qd5 29. Qg3 hxg4 30. hxg4 Re6 31. Rxe6 Qxe6 32. Qf3 Kc7 33. Bd2 Qf6 34. Bc3 e5 35. Qh3 Qxf4 36. Qh7+ Kc8 37. Qxg6 Kd7 38. Qg8 Nd8 39. b3 Qf7 40. Qh8 Qg6 41. Qh3 Ne6 42. Qf3 Nc5 43. Kb2 Ne4 44. Qd3 Ke6 45. Qc4+ Kf6 46. Bb4 Qxg4 47. Bxd6 Qe6 48. Qxe4 Qxd6 49. Qxb7 Qd4+ 50. Kc1 Qa1+ 1/2-1/2

[Event "Quebec op"]
[Site "Montreal CAN"]
[Date "2009.07.18"]
[Round "1"]
[White "Kasparov, Sergey"]
[Black "Ye, Ling Feng"]
[Result "1/2-1/2"]
[WhiteElo "2487"]
[BlackElo "2179"]
[PlyCount "111"]
[GameId "2160767910155432"]
[EventDate "2009.07.18"]
[EventType "swiss"]
[EventRounds "9"]
[EventCountry "CAN"]
[SourceTitle "CBM 131 Extra"]
[Source "ChessBase"]
[SourceDate "2009.09.03"]
[SourceVersion "2"]
[SourceVersionDate "2009.09.16"]
[SourceQuality "1"]

1. e4 c5 2. Nf3 a6 3. c4 Nc6 4. d4 cxd4 5. Nxd4 d6 6. Nc3 Nf6 7. Be2 e6 8. Be3 Be7 9. O-O O-O 10. Qd2 Qc7 11. Rac1 Nxd4 12. Bxd4 b6 13. Rfd1 Rd8 14. f3 Bb7 15. Bf1 Nd7 16. b4 Bf6 17. Be3 Be5 18. Kh1 Rac8 19. Ne2 Qb8 20. Ng3 Bxg3 21. hxg3 d5 22. cxd5 Rxc1 23. Rxc1 exd5 24. Bf4 Qa8 25. exd5 Bxd5 26. Rd1 Be6 27. a4 Rc8 28. g4 Nf6 29. Be5 Nd5 30. g5 a5 31. bxa5 bxa5 32. Bd3 Qc6 33. Qxa5 Qe8 34. Be4 Ne3 35. Ra1 Nc4 36. Qc3 Nd6 37. Qb2 Nxe4 38. fxe4 Qd8 39. Bxg7 Qxg5 40. Bf6 Qh6+ 41. Kg1 Qe3+ 42. Qf2 Qxe4 43. a5 Bd5 44. Re1 Qg6 45. Re3 Rc1+ 46. Kh2 Qh6+ 47. Rh3 Rh1+ 48. Kxh1 Qxh3+ 49. Kg1 Qg4 50. Qd2 Qe4 51. Qg5+ Kf8 52. a6 Ke8 53. a7 Kd7 54. Kh2 Kc7 55. Qg3+ Kb7 56. Qf2 1/2-1/2

[Event "Quebec op"]
[Site "Montreal CAN"]
[Date "2009.07.18"]
[Round "1"]
[White "Malakhatko, Vadim"]
[Black "Castellanos Rodriguez, Renier"]
[Result "1/2-1/2"]
[WhiteElo "2570"]
[BlackElo "2453"]
[PlyCount "92"]
[GameId "2160767910155434"]
[EventDate "2009.07.18"]
[EventType "swiss"]
[EventRounds "9"]
[EventCountry "CAN"]
[SourceTitle "CBM 131 Extra"]
[Source "ChessBase"]
[SourceDate "2009.09.03"]
[SourceVersion "2"]
[SourceVersionDate "2009.09.16"]
[SourceQuality "1"]

1. d4 Nf6 2. c4 g6 3. Nc3 Bg7 4. e4 d6 5. Bd3 O-O 6. Nge2 c5 7. d5 e6 8. O-O exd5 9. exd5 Nfd7 10. Bc2 Na6 11. Bf4 Ne5 12. b3 Nc7 13. Qd2 Re8 14. a4 f5 15. Rae1 Qf6 16. Qc1 Bd7 17. Bd2 b6 18. Nd1 a6 19. f4 Ng4 20. h3 Nh6 21. b4 a5 22. bxa5 bxa5 23. Bc3 Qf8 24. Qd2 Bxc3 25. Ndxc3 Na6 26. Nb5 Nf7 27. Nc1 Qg7 28. Nb3 Nb4 29. Bd3 Qf6 30. Rxe8+ Rxe8 31. Rf3 Rc8 32. Bf1 Re8 33. Nc3 Qd8 34. Re3 Rxe3 35. Qxe3 Kf8 36. Be2 Qh4 37. Bf1 Qd8 38. g3 h5 39. Be2 Qf6 40. Bd1 h4 41. gxh4 Qxh4 42. Kg2 g5 43. Ne2 Qe1 44. Qd2 Qh4 45. Qe3 Qe1 46. Qd2 Qh4 1/2-1/2